[Event "Menorca op 3rd"]
[Site "Ciutadella de Menorca"]
[Date "2024.04.06"]
[Round "8"]
[White "Bradbury, Neil H"]
[Black "Cramling Bellon, Anna"]
[Result "1-0"]
[WhiteElo "2206"]
[BlackElo "2079"]
[PlyCount "83"]
[EventDate "2024.04.02"]
[EventType "swiss"]
[EventRounds "9"]
[EventCountry "ESP"]
[SourceTitle "CB15_2024"]
[SourceDate "2024.04.10"]
[SourceVersion "1"]
[SourceVersionDate "2024.04.10"]
[SourceQuality "1"]

1. d4 d5 2. c4 e6 3. Nf3 Nf6 4. g3 dxc4 5. Bg2 Bb4+ 6. Bd2 a5 7. 0-0 0-0 8. Nc3 c6 9. Bg5 b5 10. Ne5 Ra6 11. a4 Bd7 12. Ne4 Be7 13. Nc5 Bxc5 14. dxc5 h6 15. Bxf6 gxf6 16. Ng4 f5 17. Ne5 Qc7 18. Qd4 f6 19. Ng6 Rf7 20. f4 Kh7 21. Nh4 Ra7 22. e4 Na6 23. exf5 exf5 24. Bh3 Nb4 25. Rae1 Nc2 26. Qc3 Nxe1 27. Rxe1 Qd8 28. Qf3 Re7 29. Rd1 Qe8 30. Kf2 Be6 31. axb5 cxb5 32. c6 Ra6 33. Rd6 b4 34. Nxf5 Bxf5 35. Bxf5+ Kh8 36. Rxf6 Rg7 37. Rxh6+ Kg8 38. Qd5+ Rf7 39. Be6 Qf8 40. Bxf7+ Qxf7 41. Rh8+ Kxh8 42. Qxf7 1-0

[Event "Menorca op 3rd"]
[Site "Ciutadella de Menorca"]
[Date "2024.04.03"]
[Round "2"]
[White "Meneses Arenas, Mikel"]
[Black "Cramling Bellon, Anna"]
[Result "0-1"]
[WhiteElo "1851"]
[BlackElo "2079"]
[PlyCount "93"]
[EventDate "2024.04.02"]
[EventType "swiss"]
[EventRounds "9"]
[EventCountry "ESP"]
[SourceTitle "CB15_2024"]
[SourceDate "2024.04.10"]
[SourceVersion "1"]
[SourceVersionDate "2024.04.10"]
[SourceQuality "1"]

1. d4 d5 2. Bf4 Nf6 3. e3 c5 4. c3 Nc6 5. Nf3 Qb6 6. Qb3 c4 7. Qxb6 axb6 8. Nbd2 b5 9. Be2 b4 10. 0-0 h6 11. e4 bxc3 12. bxc3 dxe4 13. Ne5 Nd5 14. Bg3 Nxe5 15. Bxe5 b5 16. Nxe4 f6 17. Bg3 f5 18. Nc5 e6 19. Be5 Ra3 20. Bh5+ Kd8 21. Rfb1 Nxc3 22. Rb2 Bd7 23. Bf7 Ke7 24. Bh5 Bc6 25. Rc1 Nd5 26. Bf3 Rg8 27. Bxd5 Bxd5 28. Rxb5 Rxa2 29. Rb8 Kf7 30. h3 Be7 31. Rb6 Rc8 32. Nb7 c3 33. Nd6+ Bxd6 34. Rxd6 Ra7 35. Rb6 c2 36. Rb2 Ra2 37. Rxa2 Bxa2 38. Kf1 g5 39. g3 Kg6 40. Ke1 Bb1 41. Kd2 Rd8 42. Kd3 h5 43. h4 Ra8 44. hxg5 Kxg5 45. Bf4+ Kg6 46. Re1 c1Q+ 47. Ke2 0-1

[Event "Reykjavik op"]
[Site "Reykjavik"]
[Date "2024.03.21"]
[Round "9"]
[White "He, Junchen"]
[Black "Cramling Bellon, Anna"]
[Result "1-0"]
[WhiteElo "1956"]
[BlackElo "2115"]
[PlyCount "63"]
[EventDate "2024.03.15"]
[EventType "swiss"]
[EventRounds "9"]
[EventCountry "ISL"]
[SourceTitle "CB13_2024"]
[SourceDate "2024.03.27"]
[SourceVersion "1"]
[SourceVersionDate "2024.03.27"]
[SourceQuality "1"]

1. a3 d5 2. Nf3 c5 3. b4 e6 4. Bb2 Nf6 5. bxc5 Bxc5 6. e3 b6 7. d4 Be7 8. Nbd2 0-0 9. Bd3 Bb7 10. 0-0 Nbd7 11. c4 Ne4 12. Ne1 Rc8 13. Rc1 Bd6 14. f4 f5 15. Nxe4 fxe4 16. Be2 g5 17. g3 gxf4 18. exf4 Nf6 19. Ng2 dxc4 20. Bxc4 Rxc4 21. Rxc4 e3 22. Nxe3 Qe8 23. f5 exf5 24. Nxf5 Bxg3 25. d5 Be5 26. Bxe5 Qxe5 27. Qd4 Qe2 28. Nh6+ Kg7 29. Rc7+ Kg6 30. Rxb7 Qh5 31. Ng4 Qg5 32. Rxf6+ 1-0

[Event "Reykjavik op"]
[Site "Reykjavik"]
[Date "2024.03.20"]
[Round "8"]
[White "Cramling Bellon, Anna"]
[Black "Yazgi, Huseyin Yigit"]
[Result "1-0"]
[WhiteElo "2115"]
[BlackElo "1905"]
[PlyCount "103"]
[EventDate "2024.03.15"]
[EventType "swiss"]
[EventRounds "9"]
[EventCountry "ISL"]
[SourceTitle "CB13_2024"]
[SourceDate "2024.03.27"]
[SourceVersion "1"]
[SourceVersionDate "2024.03.27"]
[SourceQuality "1"]

1. d4 d6 2. c4 Nf6 3. Nc3 Nbd7 4. e4 e5 5. d5 Nc5 6. Qc2 a5 7. h3 Be7 8. g3 0-0 9. Be3 Nfd7 10. Nf3 a4 11. Be2 c6 12. 0-0 cxd5 13. Nxd5 Nb6 14. Bxc5 Nxd5 15. cxd5 dxc5 16. Nxe5 Bxh3 17. Rfd1 Bf6 18. Nd3 Bd4 19. Nxc5 Qf6 20. Nd3 a3 21. Rab1 Rfc8 22. Qd2 axb2 23. Qf4 Rc2 24. Qxf6 Bxf6 25. e5 Bxe5 26. Nxe5 Rxe2 27. Nc4 Rxa2 28. d6 Re8 29. Rxb2 Rxb2 30. Nxb2 b5 31. Rd5 Bd7 32. Nd3 f6 33. Nc5 Bc6 34. d7 Rd8 35. Rd6 Bxd7 36. Rxd7 Rxd7 37. Nxd7 h5 38. Kg2 Kf7 39. Kh3 g5 40. Nc5 Ke7 41. f4 b4 42. Kg2 g4 43. Kf2 Kd6 44. Ne4+ Ke6 45. Ke3 f5 46. Nd2 Kd5 47. Kd3 Kc5 48. Nb3+ Kd5 49. Nd4 Kc5 50. Nxf5 b3 51. Kc3 Kd5 52. Nh4 1-0

[Event "Reykjavik op"]
[Site "Reykjavik"]
[Date "2024.03.17"]
[Round "4"]
[White "Cramling Bellon, Anna"]
[Black "Gilsson, Asmund"]
[Result "1-0"]
[WhiteElo "2115"]
[BlackElo "1821"]
[PlyCount "37"]
[EventDate "2024.03.15"]
[EventType "swiss"]
[EventRounds "9"]
[EventCountry "ISL"]
[SourceTitle "CB13_2024"]
[SourceDate "2024.03.27"]
[SourceVersion "1"]
[SourceVersionDate "2024.03.27"]
[SourceQuality "1"]

1. d4 d5 2. c4 c6 3. Nc3 Nf6 4. Nf3 e6 5. e3 Nbd7 6. Bd3 dxc4 7. Bxc4 b5 8. Bd3 Bb7 9. a3 Bd6 10. 0-0 a6 11. b4 a5 12. Bd2 axb4 13. axb4 0-0 14. Qb3 Qe7 15. e4 e5 16. Ne2 exd4 17. Rxa8 Rxa8 18. Nexd4 Nxe4 19. Nf5 1-0

[Event "Titled Tuesday intern op 19th Dec Early"]
[Site "Chess.com INT"]
[Date "2023.12.19"]
[Round "2"]
[White "Cramling Bellon, Anna"]
[Black "Novak, Ratko"]
[Result "0-1"]
[WhiteElo "2094"]
[BlackElo "2037"]
[PlyCount "52"]
[EventDate "2023.12.19"]
[EventType "swiss (blitz)"]
[EventRounds "11"]
[EventCountry "USA"]
[SourceTitle "CB52_2023"]
[SourceDate "2023.12.27"]
[SourceVersion "1"]
[SourceVersionDate "2023.12.27"]
[SourceQuality "1"]

1. d4 d6 2. c4 c6 3. Nc3 e6 4. e4 f6 5. Nf3 b6 6. Bd3 Bb7 7. e5 dxe5 8. dxe5 Bb4 9. Nd4 Qe7 10. Qh5+ Qf7 11. Nxe6 g6 12. Qh3 Bc8 13. Nc7+ Kd8 14. e6 Qxc7 15. Be3 Bxc3+ 16. bxc3 Qe7 17. 0-0-0 Ke8 18. Bf4 Bxe6 19. g4 Kf7 20. Rhe1 Nd7 21. c5 Qxc5 22. Rxe6 Kxe6 23. g5+ f5 24. Re1+ Kf7 25. Be3 Qxc3+ 26. Bc2 Rd8 0-1

[Event "Titled Tuesday intern op 19th Dec Early"]
[Site "Chess.com INT"]
[Date "2023.12.19"]
[Round "1"]
[White "Farahat, Ali"]
[Black "Cramling Bellon, Anna"]
[Result "1-0"]
[WhiteElo "2327"]
[BlackElo "2094"]
[PlyCount "53"]
[EventDate "2023.12.19"]
[EventType "swiss (blitz)"]
[EventRounds "11"]
[EventCountry "USA"]
[SourceTitle "CB52_2023"]
[SourceDate "2023.12.27"]
[SourceVersion "1"]
[SourceVersionDate "2023.12.27"]
[SourceQuality "1"]

1. d4 Nf6 2. Nf3 d5 3. e3 c5 4. c4 e6 5. Nc3 Nc6 6. a3 cxd4 7. exd4 Be7 8. Bf4 a6 9. c5 0-0 10. Bd3 b6 11. b4 bxc5 12. bxc5 Nd7 13. 0-0 e5 14. dxe5 Nxc5 15. Bc2 d4 16. Ne4 d3 17. Nxc5 dxc2 18. Qxc2 Bg4 19. Nb7 Qc8 20. Nd6 Bxd6 21. exd6 Bxf3 22. gxf3 Nd4 23. Qxc8 Raxc8 24. Kg2 Rfd8 25. Rfd1 Ne6 26. Bg3 f5 27. Be5 1-0

[Event "Titled Tuesday intern op 19th Dec Early"]
[Site "Chess.com INT"]
[Date "2023.12.19"]
[Round "11"]
[White "Vigoa Apecheche, Yanira"]
[Black "Cramling Bellon, Anna"]
[Result "1-0"]
[WhiteElo "2232"]
[BlackElo "2094"]
[PlyCount "73"]
[EventDate "2023.12.19"]
[EventType "swiss (blitz)"]
[EventRounds "11"]
[EventCountry "USA"]
[SourceTitle "CB52_2023"]
[SourceDate "2023.12.27"]
[SourceVersion "1"]
[SourceVersionDate "2023.12.27"]
[SourceQuality "1"]

1. d4 d5 2. Nf3 c5 3. c3 Nc6 4. Bf4 Nf6 5. e3 Qb6 6. Qb3 c4 7. Qxb6 axb6 8. Be2 b5 9. 0-0 b4 10. cxb4 Nxb4 11. Nc3 Bd7 12. Ne5 e6 13. Bf3 Be7 14. h3 Rg8 15. a3 Nc6 16. Nxd7 Kxd7 17. Rad1 g5 18. Bg3 h5 19. e4 h4 20. Be5 g4 21. hxg4 Nxg4 22. exd5 Ncxe5 23. dxe5 Bc5 24. dxe6+ Kxe6 25. Bd5+ Ke7 26. Ne4 Bb6 27. Bxc4 h3 28. g3 Nxe5 29. Be2 h2+ 30. Kxh2 f5 31. Nc3 Rh8+ 32. Kg2 Ng4 33. Bxg4 fxg4 34. Nd5+ Kf7 35. Nxb6 Rae8 36. Rh1 Rhg8 37. Rh7+ 1-0

[Event "EU-chT (Women) 24th"]
[Site "Budva"]
[Date "2023.11.19"]
[Round "8.12"]
[White "Richterova, Natasa"]
[Black "Cramling Bellon, Anna"]
[Result "1-0"]
[WhiteElo "2172"]
[BlackElo "2085"]
[PlyCount "77"]
[EventDate "2023.11.11"]
[EventType "team-swiss"]
[EventRounds "9"]
[EventCountry "MNE"]
[SourceTitle "CB47_2023"]
[SourceDate "2023.11.22"]
[SourceVersion "1"]
[SourceVersionDate "2023.11.22"]
[SourceQuality "1"]
[WhiteTeam "Czech Republic (W)"]
[BlackTeam "Sweden (W)"]
[WhiteTeamCountry "CZE"]
[BlackTeamCountry "SWE"]

1. d4 d5 2. c4 e6 3. Nf3 Nf6 4. Nc3 c6 5. Bg5 Be7 6. e3 Ne4 7. Bxe7 Qxe7 8. Qc2 Nd7 9. Nxe4 dxe4 10. Qxe4 Qb4+ 11. Nd2 Qxb2 12. Qb1 Qxb1+ 13. Rxb1 e5 14. d5 Nc5 15. f3 0-0 16. Nb3 b6 17. Nxc5 bxc5 18. Kd2 Ba6 19. Kc3 f5 20. Rd1 Rad8 21. Bd3 e4 22. Bc2 cxd5 23. Rxd5 Rxd5 24. cxd5 g6 25. Re1 Bb7 26. fxe4 fxe4 27. Bxe4 Re8 28. Bf3 g5 29. h3 h5 30. d6 Bxf3 31. gxf3 Kf7 32. d7 Rd8 33. Rd1 Ke6 34. Kc4 Ke7 35. Kxc5 a5 36. a4 h4 37. Kc6 Ke6 38. Kc7 Ke7 39. Rd4 1-0

[Event "EU-chT (Women) 24th"]
[Site "Budva"]
[Date "2023.11.17"]
[Round "6.3"]
[White "Bogachkova, Alena"]
[Black "Cramling Bellon, Anna"]
[Result "0-1"]
[WhiteElo "2115"]
[BlackElo "2085"]
[PlyCount "110"]
[EventDate "2023.11.11"]
[EventType "team-swiss"]
[EventRounds "9"]
[EventCountry "MNE"]
[SourceTitle "CB47_2023"]
[SourceDate "2023.11.22"]
[SourceVersion "1"]
[SourceVersionDate "2023.11.22"]
[SourceQuality "1"]
[WhiteTeam "Montenegro (W)"]
[BlackTeam "Sweden (W)"]
[WhiteTeamCountry "MNE"]
[BlackTeamCountry "SWE"]

1. e4 c5 2. d4 cxd4 3. Qxd4 Nc6 4. Qd3 d6 5. Nc3 Nf6 6. Nf3 e6 7. Bf4 e5 8. Bg5 Be6 9. 0-0-0 a6 10. Nd5 Bxd5 11. exd5 Nb8 12. h4 Nbd7 13. Kb1 Be7 14. Bxf6 Nxf6 15. Ng5 h6 16. Ne4 Qb6 17. f3 Nh5 18. Qb3 Qxb3 19. axb3 f5 20. Nc3 Ng3 21. Rh3 Nxf1 22. Rxf1 Kd7 23. h5 b5 24. Rg3 Rhg8 25. Rg6 Raf8 26. Rg1 Rf6 27. g4 Rxg6 28. hxg6 Rf8 29. gxf5 Rxf5 30. Rg3 h5 31. Ne4 h4 32. Rh3 Rh5 33. c4 Rh6 34. Kc2 b4 35. Rh1 Rxg6 36. Rh2 Rg1 37. Kd3 g5 38. Nf2 Rb1 39. Ng4 Re1 40. Kd2 Rf1 41. Ke3 a5 42. Ke4 Rd1 43. Rc2 Bd8 44. c5 Rd4+ 45. Kf5 Rxd5 46. c6+ Kc7 47. Ke6 Rc5 48. Rxc5 dxc5 49. Kd5 c4 50. Kxc4 Kxc6 51. Nxe5+ Kd6 52. Ng4 Ke6 53. Kd4 Kf5 54. Ke3 Bb6+ 55. Ke2 Kf4 0-1

[Event "Titled Tuesday intern op 04th Jul Early"]
[Site "Chess.com INT"]
[Date "2023.07.04"]
[Round "1"]
[White "Cramling Bellon, Anna"]
[Black "Ljukin, Sergei"]
[Result "0-1"]
[WhiteElo "2085"]
[BlackElo "2362"]
[PlyCount "116"]
[EventDate "2023.07.04"]
[EventType "swiss (blitz)"]
[EventRounds "11"]
[EventCountry "USA"]
[SourceTitle "EXT 2024"]
[Source "ChessBase"]
[SourceDate "2023.10.10"]
[SourceVersion "1"]
[SourceVersionDate "2023.10.10"]
[SourceQuality "1"]

1. d4 d5 2. c4 c6 3. Nc3 Nf6 4. Nf3 dxc4 5. a4 Bf5 6. Nh4 Bg4 7. h3 Bh5 8. g4 Bg6 9. Nxg6 hxg6 10. Bg2 e6 11. e4 Bb4 12. Bg5 Qa5 13. Bd2 Nbd7 14. Qe2 Qa6 15. e5 Nd5 16. Ne4 Be7 17. 0-0 c5 18. dxc5 Nxc5 19. Nxc5 Bxc5 20. Rfc1 Rc8 21. Bf1 Bd4 22. Rxc4 Rxc4 23. Qxc4 Qxc4 24. Bxc4 Bxe5 25. Bxd5 exd5 26. Kg2 Kd7 27. Rd1 Kc8 28. b4 Rd8 29. Rc1+ Kb8 30. Kf3 Rc8 31. Rxc8+ Kxc8 32. Be3 a6 33. Ke2 Kd7 34. f4 Bc3 35. b5 d4 36. Bf2 Kd6 37. Kd3 Kd5 38. bxa6 bxa6 39. h4 f5 40. gxf5 gxf5 41. h5 Bb2 42. Bh4 Bc1 43. Bg5 Be3 44. h6 gxh6 45. Bxh6 Kc5 46. Bg5 Kb4 47. Bf6 Kxa4 48. Bxd4 Bxd4 49. Kxd4 Kb3 50. Ke5 a5 51. Kxf5 a4 52. Kg6 a3 53. f5 a2 54. f6 a1Q 55. f7 Qh8 56. Kf5 Qf8 57. Ke6 Kb4 58. Kf6 Kc5 0-1

[Event "Colonia de Sant Jordi op 2nd"]
[Site "Colonia de Sant Jordi"]
[Date "2023.06.11"]
[Round "2"]
[White "Cramling Bellon, Anna"]
[Black "Ventura Bolet, Maxim"]
[Result "0-1"]
[WhiteElo "2043"]
[BlackElo "2211"]
[PlyCount "70"]
[EventDate "2023.06.10"]
[EventType "swiss"]
[EventRounds "9"]
[EventCountry "ESP"]
[SourceTitle "CBM 214 Extra"]
[Source "ChessBase"]
[SourceDate "2023.07.31"]
[SourceVersion "1"]
[SourceVersionDate "2023.07.31"]
[SourceQuality "1"]

1. d4 d5 2. c4 dxc4 3. e3 Nf6 4. Bxc4 e6 5. Nf3 c5 6. 0-0 cxd4 7. exd4 Be7 8. Nc3 0-0 9. d5 Nxd5 10. Nxd5 exd5 11. Bxd5 Nc6 12. Bf4 Bf5 13. Bxc6 bxc6 14. Ne5 Qb6 15. Qf3 Be6 16. Nxc6 Bf6 17. a4 Qxb2 18. Bd6 Rfe8 19. Rab1 Qa2 20. Qf4 Qd5 21. Nb4 Qa5 22. Nc6 Qa6 23. Nb8 Qc4 24. Qxc4 Bxc4 25. Rfe1 Be6 26. h3 h6 27. Rb7 a5 28. Reb1 Rd8 29. R7b6 Bd4 30. Bc7 Bxb6 31. Rxb6 Rd4 32. Nc6 Rxa4 33. Nb8 Rb4 34. Nc6 Rxb6 35. Bxb6 a4 0-1

[Event "Titled Tuesday intern op 06th Jun Early"]
[Site "Chess.com INT"]
[Date "2023.06.06"]
[Round "8"]
[White "Cramling Bellon, Anna"]
[Black "Joubert, Dantelle"]
[Result "1-0"]
[WhiteElo "2043"]
[BlackElo "1566"]
[PlyCount "55"]
[EventDate "2023.06.06"]
[EventType "swiss (blitz)"]
[EventRounds "11"]
[EventCountry "USA"]
[SourceTitle "EXT 2024"]
[Source "ChessBase"]
[SourceDate "2023.10.10"]
[SourceVersion "1"]
[SourceVersionDate "2023.10.10"]
[SourceQuality "1"]

1. d4 d5 2. c4 e6 3. Nc3 Nf6 4. cxd5 Nxd5 5. e4 Nxc3 6. bxc3 c5 7. Nf3 cxd4 8. cxd4 Bb4+ 9. Bd2 Bxd2+ 10. Qxd2 0-0 11. Bd3 Nd7 12. Rd1 b6 13. 0-0 Bb7 14. Qf4 Nf6 15. e5 Nd5 16. Qe4 g6 17. Qg4 Kg7 18. Ng5 Qe7 19. h4 h6 20. Ne4 h5 21. Qg3 Rac8 22. Nd6 Rc3 23. Rc1 Ba8 24. Rxc3 Nxc3 25. Rc1 Nd5 26. f4 Rd8 27. f5 exf5 28. Nxf5+ 1-0

[Event "Titled Tuesday intern op 06th Jun Early"]
[Site "Chess.com INT"]
[Date "2023.06.06"]
[Round "3"]
[White "Cramling Bellon, Anna"]
[Black "Vivas Zamora, Fabian Ernesto"]
[Result "0-1"]
[WhiteElo "2043"]
[BlackElo "2346"]
[PlyCount "94"]
[EventDate "2023.06.06"]
[EventType "swiss (blitz)"]
[EventRounds "11"]
[EventCountry "USA"]
[SourceTitle "EXT 2024"]
[Source "ChessBase"]
[SourceDate "2023.10.10"]
[SourceVersion "1"]
[SourceVersionDate "2023.10.10"]
[SourceQuality "1"]

1. d4 Nf6 2. c4 g6 3. Nc3 d5 4. cxd5 Nxd5 5. e4 Nxc3 6. bxc3 Bg7 7. Qa4+ Qd7 8. Qb3 0-0 9. Be3 b6 10. Nf3 Bb7 11. Bd3 c5 12. d5 e6 13. Rd1 exd5 14. Bb5 Qg4 15. exd5 Qxg2 16. Ke2 a6 17. h3 axb5 18. Rdg1 c4 19. Qxb5 Rxa2+ 20. Bd2 Rxd2+ 21. Nxd2 Qxd5 22. Qxd5 Bxd5 23. f3 Bxc3 24. Ne4 Bxe4 25. fxe4 b5 26. Rb1 b4 27. Rhc1 Nc6 28. Ke3 Rd8 29. Rd1 Rxd1 30. Rxd1 b3 31. Rc1 b2 32. Rb1 Kg7 33. e5 Nxe5 34. Ke4 f5+ 35. Kf4 Kf6 36. h4 h6 37. h5 g5+ 38. Kg3 Bd4 39. Kh3 c3 40. Rd1 Nc6 41. Kg3 c2 42. Rf1 c1Q 43. Kg2 Qxf1+ 44. Kxf1 b1Q+ 45. Kg2 Qc2+ 46. Kh1 Qe4+ 47. Kh2 Qg4 0-1

[Event "Titled Tuesday intern op 06th Jun Early"]
[Site "Chess.com INT"]
[Date "2023.06.06"]
[Round "6"]
[White "Mejia, Cherry Ann"]
[Black "Cramling Bellon, Anna"]
[Result "1-0"]
[WhiteElo "1935"]
[BlackElo "2043"]
[PlyCount "75"]
[EventDate "2023.06.06"]
[EventType "swiss (blitz)"]
[EventRounds "11"]
[EventCountry "USA"]
[SourceTitle "EXT 2024"]
[Source "ChessBase"]
[SourceDate "2023.10.10"]
[SourceVersion "1"]
[SourceVersionDate "2023.10.10"]
[SourceQuality "1"]

1. e4 c5 2. Nc3 Nc6 3. g3 g6 4. Bg2 Bg7 5. d3 d6 6. Be3 e5 7. Qd2 Nge7 8. Bh6 0-0 9. h4 Bxh6 10. Qxh6 f6 11. Qd2 Nd4 12. Nd1 Be6 13. c3 Ndc6 14. Ne2 d5 15. f4 dxe4 16. dxe4 Qxd2+ 17. Kxd2 Rfd8+ 18. Ke3 Bg4 19. Nf2 exf4+ 20. gxf4 Nf5+ 21. exf5 Re8+ 22. Be4 Bxe2 23. Kxe2 gxf5 24. Rhg1+ Kh8 25. Kf3 fxe4+ 26. Nxe4 Rad8 27. Rad1 f5 28. Nxc5 b6 29. Nd3 Rg8 30. Rg5 Ne7 31. Rxg8+ Nxg8 32. Ke2 Nf6 33. Rg1 Nd5 34. Kf3 Re8 35. Ne5 h6 36. h5 Kh7 37. Rg6 Ne7 38. Re6 1-0

[Event "Titled Tuesday intern op 30th May Early"]
[Site "Chess.com INT"]
[Date "2023.05.30"]
[Round "4"]
[White "Rustemov, Alexander"]
[Black "Cramling Bellon, Anna"]
[Result "1-0"]
[WhiteElo "2525"]
[BlackElo "2043"]
[PlyCount "127"]
[EventDate "2023.05.30"]
[EventType "swiss (blitz)"]
[EventRounds "11"]
[EventCountry "USA"]
[SourceTitle "CBM 214 Extra"]
[Source "ChessBase"]
[SourceDate "2023.07.31"]
[SourceVersion "1"]
[SourceVersionDate "2023.07.31"]
[SourceQuality "1"]

1. Nf3 c5 2. c4 Nc6 3. g3 g6 4. Bg2 Bg7 5. 0-0 d6 6. Nc3 e5 7. Ne1 Be6 8. Nd5 Nge7 9. Nc2 0-0 10. Nce3 f5 11. d3 Rb8 12. Bd2 b5 13. b3 e4 14. Rc1 bxc4 15. dxc4 Nd4 16. Nxe7+ Qxe7 17. Bc3 Be5 18. Bxd4 cxd4 19. Nc2 Qg7 20. Qd2 Rfc8 21. Rcd1 d5 22. cxd5 Bxd5 23. Nxd4 Rd8 24. e3 Bf7 25. Rfe1 Bxd4 26. exd4 Rd5 27. f3 Rbd8 28. fxe4 Rxd4 29. Qe2 Rxd1 30. Rxd1 Rxd1+ 31. Qxd1 fxe4 32. Qd8+ Qf8 33. Qxf8+ Kxf8 34. Bxe4 Ke7 35. Kf2 Kd6 36. Ke3 Kc5 37. Kd3 Kb4 38. Kc2 Ka3 39. Kb1 a5 40. Bc6 Be6 41. h4 Bf5+ 42. Ka1 h6 43. Bb5 g5 44. Be2 gxh4 45. gxh4 Bd7 46. Bd1 Bf5 47. Be2 Bd7 48. Bd3 Be6 49. Bc2 Bd7 50. Kb1 Be6 51. Bd3 Bd7 52. Kc2 a4 53. Bc4 axb3+ 54. Bxb3 Bf5+ 55. Kc3 Bg4 56. Kd4 Be2 57. Ke5 h5 58. Kf6 Bg4 59. Kg5 Be2 60. Bf7 Bd1 61. Bxh5 Bc2 62. Bg6 Bd1 63. Bf7 Be2 64. Be6 1-0

[Event "Titled Tuesday intern op 23rd May Early"]
[Site "Chess.com INT"]
[Date "2023.05.23"]
[Round "11"]
[White "Cramling Bellon, Anna"]
[Black "Vargas, Mauricio"]
[Result "1-0"]
[WhiteElo "2043"]
[BlackElo "2035"]
[PlyCount "57"]
[EventDate "2023.05.23"]
[EventType "swiss (blitz)"]
[EventRounds "11"]
[EventCountry "USA"]
[SourceTitle "CBM 214 Extra"]
[Source "ChessBase"]
[SourceDate "2023.07.31"]
[SourceVersion "1"]
[SourceVersionDate "2023.07.31"]
[SourceQuality "1"]

1. d4 d5 2. c4 c6 3. Nc3 e6 4. e3 Nf6 5. Nf3 Nbd7 6. Bd3 Bd6 7. 0-0 dxc4 8. Bxc4 b5 9. Bd3 0-0 10. a3 Bb7 11. b4 a5 12. Rb1 axb4 13. axb4 Qe7 14. Qb3 Nb6 15. e4 e5 16. dxe5 Bxe5 17. Nxe5 Qxe5 18. Be3 Ng4 19. g3 Qh5 20. h4 Nxe3 21. fxe3 Qg4 22. Kg2 Rad8 23. Be2 Rd2 24. Rf2 Qg6 25. h5 Qg5 26. Rbf1 Qxe3 27. Rxf7 Rxe2+ 28. Nxe2 Qxb3 29. Rxf8# 1-0

[Event "Titled Tuesday intern op 16th May Early"]
[Site "Chess.com INT"]
[Date "2023.05.16"]
[Round "4"]
[White "Cramling Bellon, Anna"]
[Black "Prieto Aranguren, Alain"]
[Result "0-1"]
[WhiteElo "2043"]
[BlackElo "2258"]
[PlyCount "88"]
[EventDate "2023.05.16"]
[EventType "swiss (blitz)"]
[EventRounds "11"]
[EventCountry "USA"]
[SourceTitle "CBM 214 Extra"]
[Source "ChessBase"]
[SourceDate "2023.07.31"]
[SourceVersion "1"]
[SourceVersionDate "2023.07.31"]
[SourceQuality "1"]

1. d4 d5 2. c4 e6 3. Nc3 Nf6 4. cxd5 exd5 5. Bg5 Be7 6. e3 0-0 7. Bd3 h6 8. Bh4 c5 9. dxc5 Nbd7 10. Rc1 Nxc5 11. Bxf6 Nxd3+ 12. Qxd3 Bxf6 13. Nf3 Be6 14. 0-0 Rc8 15. Nb5 Rxc1 16. Rxc1 Bxb2 17. Rb1 Bf6 18. Nxa7 Qd7 19. Nd4 Ra8 20. Nxe6 fxe6 21. Nb5 Rxa2 22. g3 Ra1 23. Rxa1 Bxa1 24. Nd4 Bxd4 25. exd4 Qf7 26. Qb5 Kh7 27. h4 h5 28. Kg2 Kg6 29. Qd3+ Qf5 30. Qb5 Qe4+ 31. Kh2 Qxd4 32. Qe8+ Kf6 33. Qxh5 Qxf2+ 34. Kh1 Qe1+ 35. Kg2 Qd2+ 36. Kg1 Qe1+ 37. Kg2 Qe4+ 38. Kg1 Qf5 39. Qe8 Ke5 40. Qb8+ Ke4 41. Qxb7 Kf3 42. Qb3+ Kg4 43. Qd1+ Kxg3 44. Qe1+ Kh3 0-1

[Event "Titled Tuesday intern op 16th May Early"]
[Site "Chess.com INT"]
[Date "2023.05.16"]
[Round "11"]
[White "Cramling Bellon, Anna"]
[Black "Topalov, Aleksandar"]
[Result "0-1"]
[WhiteElo "2043"]
[BlackElo "2233"]
[PlyCount "56"]
[EventDate "2023.05.16"]
[EventType "swiss (blitz)"]
[EventRounds "11"]
[EventCountry "USA"]
[SourceTitle "CBM 214 Extra"]
[Source "ChessBase"]
[SourceDate "2023.07.31"]
[SourceVersion "1"]
[SourceVersionDate "2023.07.31"]
[SourceQuality "1"]

1. d4 Nf6 2. c4 c5 3. d5 d6 4. Nc3 g6 5. e4 Bg7 6. f4 0-0 7. Nf3 e6 8. Bd3 exd5 9. cxd5 b5 10. Bxb5 Nxe4 11. Nxe4 Qa5+ 12. Nc3 Bxc3+ 13. bxc3 Qxb5 14. Kf2 Nd7 15. Re1 Nb6 16. a4 Qc4 17. a5 Nd7 18. Ra4 Qa6 19. c4 f6 20. Bb2 Rf7 21. Re8+ Nf8 22. Qe1 Rb8 23. Qc3 Rxb2+ 24. Qxb2 Bd7 25. Rb8 Bxa4 26. h4 Qxc4 27. h5 Qxd5 28. hxg6 hxg6 0-1

[Event "Titled Tuesday intern op 16th May Early"]
[Site "Chess.com INT"]
[Date "2023.05.16"]
[Round "6"]
[White "Jiganchine, Roman"]
[Black "Cramling Bellon, Anna"]
[Result "1-0"]
[WhiteElo "2205"]
[BlackElo "2043"]
[PlyCount "57"]
[EventDate "2023.05.16"]
[EventType "swiss (blitz)"]
[EventRounds "11"]
[EventCountry "USA"]
[SourceTitle "CBM 214 Extra"]
[Source "ChessBase"]
[SourceDate "2023.07.31"]
[SourceVersion "1"]
[SourceVersionDate "2023.07.31"]
[SourceQuality "1"]

1. e4 c5 2. Nf3 e6 3. g3 d5 4. exd5 exd5 5. d4 Nc6 6. Bg2 Nf6 7. 0-0 cxd4 8. Nxd4 Be7 9. Nc3 0-0 10. Bg5 Be6 11. Re1 Bc5 12. Rxe6 fxe6 13. Nxe6 Qb6 14. Nxf8 Bxf2+ 15. Kh1 Rxf8 16. Nxd5 Qxb2 17. Nxf6+ gxf6 18. Bh6 Ne5 19. Rb1 Qc3 20. Bxf8 Kxf8 21. Qd8+ Kf7 22. Rxb7+ Kg6 23. Qe8+ Kf5 24. Qh5+ Ke6 25. Bh3+ Kd6 26. Qd1+ Bd4 27. Bg2 Qe3 28. Rb3 Qf2 29. Qf1 1-0